zpět

Detail výsledku týmu

Malibu Beer Bar, Klatovy

Datum a čas kvízu

13 Celkem bodů Celkový počet nahraných bodů na tomto kvízu bez doplňovacích otázek.
12. Pořadí na kvízu Konečné umístění týmu na tomto kvízu.

Zaznamenané odpovědi

# Otázka Odpověď Body Výsledky
1. Který 63letý muž se ve čtvrtek... Jiří Kajínek 1
2. Vědci představili revoluční zp... hlavy 0
3. V minulém týdnu česká média in... Jeremy Clarkson 0
4. Minulý týden byl oznámen konec... ICQ 0
5. Který klub, jenž byl ještě ned... Příbram 0
6. Jak se nazývají dva nejdůležit... Franská říše, Byzantská (Východořímská) říše 0
7. Jak se jmenoval významný střed... Vilém I. Dobyvatel 0
8. Na fotografii vidíme sochu prv... Arnošt z Pardubic 0
9. Vytvořte z těchto středověkých... 1B 2C 3D 4A 0
10. Závěrem tématu se podíváme na... šlojíř, šlář 0